| 000 | 01260cam a2200385Ii 4500 | ||
|---|---|---|---|
| 999 |
_c269 _d269 |
||
| 001 | 927378389 | ||
| 003 | OCoLC | ||
| 005 | 20190805090502.0 | ||
| 008 | 151029s2016 nyu 000 0 eng d | ||
| 020 |
_a1259642372 _q(paperback) |
||
| 020 |
_a9781259642371 _q(paperback) |
||
| 035 | _a(OCoLC)927378389 | ||
| 040 |
_aYDXCP _beng _erda _cYDXCP _dBTCTA _dOCLCQ _dBDX _dORX _dVP@ _dNYP |
||
| 049 | _aNYPP | ||
| 082 | 0 | 4 |
_a448.242 HEM _223 |
| 091 | _a448.2421 | ||
| 100 | 1 |
_aHeminway, Annie, _eauthor. |
|
| 245 | 1 | 0 |
_aComplete French grammar : _btotal language study program / _cAnnie Heminway. |
| 246 | 3 | 0 | _aPractice makes perfect Complete French grammar. |
| 250 | _aPremium third edition. | ||
| 264 | 1 |
_aNew York : _bMcGraw-Hill Education, _c[2016] |
|
| 300 |
_aix, 304 pages ; _c28 cm. |
||
| 336 |
_atext _btxt _2rdacontent. |
||
| 337 |
_aunmediated _bn _2rdamedia. |
||
| 338 |
_avolume _bnc _2rdacarrier. |
||
| 490 | 1 | _aPractice makes perfect. | |
| 650 | 0 |
_aFrench language _vTextbooks for foreign speakers _xEnglish. |
|
| 650 | 0 |
_aFrench language _xGrammar _vProblems, exercises, etc. |
|
| 830 | 0 | _aPractice makes perfect (McGraw-Hill Companies) | |
| 901 | _aMARS | ||
| 901 |
_awch _bCATBL |
||
| 942 |
_2ddc _cNFIC |
||
| 945 | _a.b210025943 | ||
| 946 | _am | ||